|
|
|
|
| LEADER |
01633nam a2200409 i 4500 |
| 001 |
EBC4901459 |
| 003 |
MiAaPQ |
| 005 |
20200114205523.0 |
| 006 |
m o d | |
| 007 |
cr cnu|||||||| |
| 008 |
200114s2017 enk o 000 0 eng d |
| 020 |
|
|
|z 9781783743193
|
| 020 |
|
|
|a 9781783743209 (e-book)
|
| 035 |
|
|
|a (MiAaPQ)EBC4901459
|
| 035 |
|
|
|a (Au-PeEL)EBL4901459
|
| 035 |
|
|
|a (CaPaEBR)ebr11406747
|
| 035 |
|
|
|a (OCoLC)993391021
|
| 040 |
|
|
|a MiAaPQ
|b eng
|e rda
|e pn
|c MiAaPQ
|d MiAaPQ
|
| 043 |
|
|
|a f------
|
| 050 |
|
4 |
|a GR350
|b .S437 2017
|
| 082 |
0 |
|
|a 398.096
|2 23
|
| 245 |
0 |
0 |
|a Searching for sharing :
|b heritage and multimedia in Africa /
|c edited by Daniela Merolla and Mark Turin.
|
| 264 |
|
1 |
|a Cambridge, UK :
|b Open Book Publishers,
|c 2017.
|
| 300 |
|
|
|a 1 online resource (160 pages)
|
| 336 |
|
|
|a text
|b txt
|2 rdacontent
|
| 337 |
|
|
|a computer
|b c
|2 rdamedia
|
| 338 |
|
|
|a online resource
|b cr
|2 rdacarrier
|
| 588 |
|
|
|a Description based on print version record.
|
| 590 |
|
|
|a Electronic reproduction. Ann Arbor, MI : ProQuest, 2018. Available via World Wide Web. Access may be limited to ProQuest affiliated libraries.
|
| 650 |
|
0 |
|a Oral tradition
|z Africa.
|
| 650 |
|
0 |
|a Folk literature, African.
|
| 655 |
|
4 |
|a Electronic books.
|
| 700 |
1 |
|
|a Merolla, Daniela,
|d 1960-
|e editor.
|
| 700 |
1 |
|
|a Turin, Mark,
|e editor.
|
| 776 |
0 |
8 |
|i Print version:
|t Searching for sharing : heritage and multimedia in Africa.
|d Cambridge, UK : Open Book Publishers, 2017
|h 160 pages
|z 9781783743193
|
| 797 |
2 |
|
|a ProQuest (Firm)
|
| 856 |
4 |
0 |
|u https://ebookcentral.proquest.com/lib/matrademy/detail.action?docID=4901459
|z Click to View
|